00477nam a2200181Ia 450000500170000000800410001702000270005804000190008504100120010408200130011610000180012924500290014726000260017630000090020265000170021165100570022885000100028520221102095907.0140110s9999 xx 000 0 und d a9781847370297cRs. 550 aLoreto College aEnglish a128bBYR aByrne, Rhonda 4aThe SecretcRhonda Byrne aNew YorkbAtriac2006 a198p aParapsycolgy aHuman kind - Philosophical and Psychological aspects aLCLIB